header

Precision machining VI (Record no. 99900)

MARC details
000 -LEADER
fixed length control field 01632nam a2200337 a 4500
245 10 - TITLE STATEMENT
Title Precision machining VI
260 ## - PUBLICATION, DISTRIBUTION, ETC. (IMPRINT)
Place of publication Durnten-Zurich, Switzerland :
Name of publisher Trans Tech Publications,
Year of publication 2012.
300 ## - PHYSICAL DESCRIPTION
Number of Pages a-c, 271 p. :
Other physical details ill. (some col.).
650 #0 - SUBJECT ADDED ENTRY--TOPICAL TERM
Topical Term Manufacturing processes
Topical Term Machining
700 1# - ADDED ENTRY--PERSONAL NAME
Personal name Morgan, Michael N.
Personal name Shaw, Andrew.
Personal name Mgaloblishvili, Otar.
856 40 - ELECTRONIC LOCATION AND ACCESS
Uniform Resource Identifier http://site.ebrary.com/lib/rucke/Doc?id=10604269

No items available.

© 2026 Rongo University
Contact us: librarian | system librarian | Rongo university